01447cam a2200385 4500999001700000001001400017005001700031008004100048020003100089040002300120041001300143044001100156072004800167080002500215080002300240100002700263240003700290245007800327246007700405264002700482300002300509336002600532337002900558338002900587500003300616500009300649655003400742655003600776655003600812655003900848700003700887958000700924958000700931952012300938 c23583d23583vtls01222532020240710075040.0230320s2023 xo g 010 f slo  a9788055186566q(viazané) aSNKbslocSNKerda1 asloheng axocSK 7a821.111(73)-3xAmerická próza2konspekt a821.111(73)-3122011 a(0:82-312.4)220111 aKonen, Leah4aut9263710aAll the broken peoplelSlovensky10aJedna nevinná ložcLeah Konenová ; preložila Anna Kolčiterová1 iObálkový podnázov:aO nič predsa nejde... Kým niekto nezomrie. 1aBratislavabIkarc2023 a366 stránc21 cm atextbtxt2rdacontent abez médiabn2rdamedia azväzokbnc2rdacarrier aPreložené z angličtiny aObsahuje stručné biografické údaje o autorke na záložke prebalu publikácie 7aamerické romány2SNKPH92 7aAmerican novels2SNKPHeng91670 7atrilery (romány)2SNKPH92135 7aThrillers (novels)2SNKPHeng917221 aKolčiterová, Anna4trl92410 aLX aUP 00102udc40708Ka10000b10000d2024-07-10g3.90i21912l3oB10653pB10653r2026-07-01s2026-04-22w2024-07-10yKLDO